书目信息 |
| 题名: |
楚辞正解
|
|
| 作者: | 雷庆翼 著 | |
| 分册: | ||
| 出版信息: | 上海 学林 1994 |
|
| 页数: | 586页 | |
| 开本: | 20cm | |
| 丛书名: | ||
| 单 册: | ||
| 中图分类: | I207.22 , H159 | |
| 科图分类: | ||
| 主题词: | 文学研究 , 汉语--翻译 | |
| 电子资源: | ||
| ISBN: | 7-80510-961-3 | |
| 000 | 00760nam0 2200289 450 | |
| 001 | 1538066362 | |
| 005 | 20150125103506.96 | |
| 010 | @a7-80510-961-3@dCNY20.00 | |
| 100 | @a19950201d1994 emky0chiy0110 ea | |
| 101 | 0 | @achi |
| 102 | @aCN@b310000 | |
| 105 | @ay z 000zy | |
| 200 | 1 | @a楚辞正解@9chu ci zheng jie@f雷庆翼著 |
| 210 | @a上海@c学林@d1994 | |
| 215 | @a586页@d20cm | |
| 314 | @a雷庆翼,衡阳师专任教 | |
| 330 | @a本书上部楚辞篇目选注,下部为楚辞通论。 | |
| 605 | @a楚辞@x注释 | |
| 605 | @2CT@3S903527@a楚辞 | |
| 605 | @a楚辞@x文学研究 | |
| 606 | 0 | @a文学研究 |
| 606 | 0 | @a汉语@x翻译 |
| 690 | @aI207.22@v三版 | |
| 690 | @aH159@v4 | |
| 701 | 0 | @a雷庆翼@9lei qing yi@4著 |
| 801 | 0 | @aCN@bTSSF@c20150125 |
| 905 | @aZUCC@dH159@eJY109 | |
| 楚辞正解/雷庆翼著.-上海:学林,1994 |
| 586页;20cm |
| ISBN 7-80510-961-3:CNY20.00 |
| 本书上部楚辞篇目选注,下部为楚辞通论。 |
| ● |
| 相关链接 |
|
|
|
|
正题名:楚辞正解
索取号:H159/JY109
 
预约/预借
| 序号 | 登录号 | 条形码 | 馆藏地/架位号 | 状态 | 备注 |
| 1 | 7855155 | 278551559 | 学院路分馆/ [索取号:H159/JY109] | 在馆 | |
| 2 | 7855157 | 278551577 | 学院路分馆/ [索取号:H159/JY109] | 在馆 |